The opium clerk / (Record no. 23885)
[ view plain ]
| 000 -LEADER | |
|---|---|
| fixed length control field | 00741nam a22002171 4500 |
| 005 - DATE AND TIME OF LATEST TRANSACTION | |
| control field | 20050808122104.0 |
| 008 - FIXED-LENGTH DATA ELEMENTS--GENERAL INFORMATION | |
| fixed length control field | 721219s1962 nyu 000 0 eng |
| 020 ## - INTERNATIONAL STANDARD BOOK NUMBER | |
| International Standard Book Number | 9788172237202 |
| Terms of availability | 295.00 |
| 020 ## - INTERNATIONAL STANDARD BOOK NUMBER | |
| International Standard Book Number | 9788172237202 |
| Terms of availability | 295.00 |
| 037 ## - SOURCE OF ACQUISITION | |
| Source of stock number/acquisition | Aakar Books |
| 040 ## - CATALOGING SOURCE | |
| Original cataloging agency | dpl |
| Language of cataloging | English |
| 082 ## - DEWEY DECIMAL CLASSIFICATION NUMBER | |
| Classification number | N |
| 100 ## - MAIN ENTRY--PERSONAL NAME | |
| Personal name | Basu, Kunal |
| 245 ## - TITLE STATEMENT | |
| Title | The opium clerk / |
| Statement of responsibility, etc | by Inez Baranay |
| 260 ## - PUBLICATION, DISTRIBUTION, ETC. (IMPRINT) | |
| Place of publication, distribution, etc | Noida |
| Name of publisher, distributor, etc | Harper-Collins Publishers India |
| Date of publication, distribution, etc | 2008 |
| 270 ## - ADDRESS | |
| Address | A-53, Sector-57, Noida |
| City | Uttar Pradesh |
| Postal code | 201301 |
| 300 ## - PHYSICAL DESCRIPTION | |
| Extent | 303p |
| Dimensions | 22 cm (pbk) |
| 942 ## - ADDED ENTRY ELEMENTS (KOHA) | |
| Source of classification or shelving scheme | Dewey Decimal Classification |
| Item type | English Books |
| Classification part | N |
| Call number suffix | BAS |
| Withdrawn status | Lost status | Source of classification or shelving scheme | Damaged status | Not for loan | Collection code | Home library | Current library | Date acquired | Cost, normal purchase price | Total Checkouts | Full call number | Date last seen | Cost, replacement price |
|---|---|---|---|---|---|---|---|---|---|---|---|---|---|
| Dewey Decimal Classification | Ordered | Fiction | Andrews Gunj | Andrews Gunj | 16/02/2009 | 295.00 | N BAS | 16/02/2009 | 295.00 |
